Relatório e parecer prévio do TCE sobre as contas do chefe do Poder Executivo do Estado da Bahia : (Record no. 1442)

MARC details
000 -LÍDER
Campo Fixo de Controle 00851nam a2200217 a 4500
001 - NÚMERO DE CONTROLE
Campo de Controle 1442
003 - IDENTIFICAÇÃO DO NÚMERO DE CONTROLE
Campo de Controle BR-CuiBMT
005 - DATA E HORA DA ÚLTIMA ATUALIZAÇÃO
Campo de Controle 20231214170516.0
008 - DADOS FIXOS
Dados Fixos 231128s2017 baba 000 0 por d
040 ## - AGÊNCIA CATALOGADORA
Código da Agência Catalogadora BR-CuiBMT
Agência que transcreveu o registro BR-CuiBMT
080 ## - Nº DA CLASSIFICAÇÃO DECIMAL UNIVERSAL
Nº Class. CDU 351.94:336.148
Subd. Auxiliar Comum (813.8)
Nº edição CDU 2007
090 ## - NÚMERO DE CHAMADA
Nº classificação 351.94:336.148(813.8)
Cutter T822r
110 1# - ENTRADA PRINCIPAL -- ENTIDADE
Nome da entidade ou lugar Tribunal de Contas do Estado da Bahia.
245 10 - TÍTULO PRINCIPAL
Título principal Relatório e parecer prévio do TCE sobre as contas do chefe do Poder Executivo do Estado da Bahia :
Subtítulo exercício de 2016 /
Indicação de responsabilidade Tribunal de Contas do Estado da Bahia ; Marcos Presídio (Conselheiro Relator).
260 ## - PUBLICAÇÃO, DISTRIBUIÇÃO, ETC.
Local de publicação Salvador :
Editora TCE-BA,
Data 2017.
300 ## - DESCRIÇÃO FÍSICA
N. páginas ou volumes 193 p. :
Ilustrações il. color. ;
500 ## - NOTAS GERAIS
Notas gerais Versão simplificada, art. 48 da LRF. Processo nº TCE/002522/2017.
650 ## - ASSUNTO TÓPICO
Cabeçalho tópico ou nome geográfico Controle externo
Subdivisão de forma Orçamento
650 ## - ASSUNTO TÓPICO
Cabeçalho tópico ou nome geográfico Prestação de contas
942 ## - ELEMENTOS DE ENTRADA ADICIONAIS (KOHA)
Fonte de classificação ou esquema de arquivamento Classificação Decimal Universal
Tipo de item do Koha Livros
Holdings
Estado: removido Estado: perdido Fonte de classificação ou esquema de arquivamento Estado: danificado Indisponível para empréstimo Localização permanente Localização atual Data de aquisição Total Checkouts Número de Chamada completo Código de barras Date last seen Número do exemplar Preço efetivo a partir de Tipo de item (Koha)
    Classificação Decimal Universal     Biblioteca da Escola Superior de Contas do TCE/MT Biblioteca da Escola Superior de Contas do TCE/MT 09/12/2023   351.94:336.148(813.8) T822r BIBTCEMT23120332 09/12/2023 Ex. 1 09/12/2023 Livros

Powered by Koha